[Event "Bucaramanga Udi Cup"]
[Site "Bucaramanga"]
[Date "2014.10.17"]
[Round "4"]
[White "Rey, Luis Hernando"]
[Black "Duran, Jose Ricardo"]
[Result "0-1"]
[WhiteElo "1688"]
[BlackElo "1968"]
[PlyCount "72"]
[EventDate "2014.10.15"]
[EventType "swiss"]
[EventRounds "9"]
[EventCountry "COL"]
[SourceTitle "EXT 2015"]
[Source "ChessBase"]
[SourceDate "2014.11.20"]
[SourceVersion "1"]
[SourceVersionDate "2014.11.20"]
[SourceQuality "1"]

1. e4 d6 2. d4 Nf6 3. Nc3 g6 4. f4 Bg7 5. Nf3 0-0 6. Bd3 c5 7. 0-0 cxd4 8. Ne2 Nc6 9. Kh1 Ng4 10. h3 Ne3 11. Bxe3 dxe3 12. c3 e5 13. Bc4 Be6 14. Bd5 Qe7 15. Qd3 f5 16. Qxe3 Rae8 17. fxe5 Bxd5 18. exd5 Nxe5 19. Ned4 Nxf3 20. Qxe7 Rxe7 21. Nxf3 Re2 22. Rab1 h6 23. Rfe1 Rfe8 24. Kg1 g5 25. Kf1 R2e4 26. Rxe4 fxe4 27. Ng1 b5 28. Ke2 Be5 29. Kf2 b4 30. Ne2 Rb8 31. cxb4 Rxb4 32. b3 Bf4 33. Rd1 Rb5 34. g3 Be5 35. Ke3 a5 36. Kxe4 Rb4+ 0-1

[Event "Bucaramanga Udi Cup"]
[Site "Bucaramanga"]
[Date "2014.10.15"]
[Round "1"]
[White "Duran, Jose Ricardo"]
[Black "Torres Cardenas, Laura"]
[Result "1-0"]
[WhiteElo "1968"]
[BlackElo "1416"]
[PlyCount "67"]
[EventDate "2014.10.15"]
[EventType "swiss"]
[EventRounds "9"]
[EventCountry "COL"]
[SourceTitle "EXT 2015"]
[Source "ChessBase"]
[SourceDate "2014.11.20"]
[SourceVersion "1"]
[SourceVersionDate "2014.11.20"]
[SourceQuality "1"]

1. e4 e5 2. Nf3 Nc6 3. Bc4 Bc5 4. c3 Nf6 5. d3 d6 6. b4 Bb6 7. h3 Be6 8. Bb3 a6 9. 0-0 h6 10. Bc2 0-0 11. Nbd2 Qd7 12. Nh2 Ne7 13. Nb3 Ng6 14. Be3 Ba7 15. Bxa7 Rxa7 16. d4 b6 17. d5 Bxh3 18. gxh3 Nh4 19. Ng4 Nh5 20. Kh2 Nf4 21. Rg1 Kh8 22. Rg3 Nh5 23. Ne3 Nxg3 24. fxg3 Ng6 25. Qh5 Kg8 26. Rf1 c6 27. Nd2 cxd5 28. exd5 Qb5 29. Ne4 Qd7 30. Ng4 f5 31. Qxg6 Kh8 32. Ng5 hxg5 33. Rxf5 Qe8 34. Rxf8+ 1-0